| 000 | 00360cam a22001217a 4500 | ||
|---|---|---|---|
| 008 | 180718b1957 xxu||||| |||| 00| 0 eng d | ||
| 082 | _aR8x624 F289 | ||
| 100 | _aFawzi, S. Ed Din | ||
| 245 |
_aLabour movement in the Sudan, 1946-1955 _cby S. Ed Din Fawzi |
||
| 260 |
_aLondon _bOxford University Press _c1957 |
||
| 300 | _a175p. | ||
| 650 | _aLabour Unions - Sudan | ||
| 999 |
_c365206 _d365206 |
||